000 00346pab a2200157 454500
008 180718b2007 xxu||||| |||| 00| 0 eng d
100 _aSri Aurobindo
245 _aA preface on national education
260 _c2007
300 _ap.48-56.
362 _aApr-Jun
650 _aEducation
773 _aDialogue
908 _aN
909 _a74457
999 _c74457
_d74457